00541 2200205 4500001002100000005001700021008004100038035002500079040001200104082001100116090001800127100001800145245005900163250001100222260002500233300003000258650001700288850001200305990001800317YOGYA-0209000007111820150414145917.0 ind  a0010-020900000071118 aYOPDYOG a297.72 a297.72bTri M aTRIM, Bambang aMenjadi powerful dai dengan menulis bukucBambang Trim aCet. 2 aBandungbKolbuc2006 axviii, 133 hlm. ;c15 cm. aDakwah Islam aYOPDYOG a33300-PD/A.08